Máy nâng chuyển T.1

Spremljeno u:
Bibliografski detalji
Glavni autor: Đào Trọng Tường (Chủ biên)
Daljnji autori: Nguyễn Đăng Hiếu, Trần Dãn Trường
Format: Knjiga
Izdano: H. Khoa học và kỹ thuật 1986
Teme:
Oznake: Dodaj oznaku
Bez oznaka, Budi prvi tko označuje ovaj zapis!
Thư viện lưu trữ: Trung tâm Học liệu Lê Vũ Hùng, Trường Đại học Đồng Tháp
LEADER 00819pam a22002178a 4500
001 00017282
005 20171026081022.0
008 110419s1986 ||||||Viesd
041 0 # |a Vie 
082 1 4 |a 621.802 8  |b M112N 
100 0 # |a Đào Trọng Tường  |e Chủ biên 
245 0 0 |a Máy nâng chuyển  |c Đào Trọng Tường, Nguyễn Đăng Hiếu, Trần Dãn Trường...[những người khác]  |n T.1 
260 # # |a H.  |b Khoa học và kỹ thuật  |c 1986 
300 # # |a 109tr.  |b Hình vẻ  |c 19cm. 
653 # # |a Giáo trình 
700 0 # |a Nguyễn Đăng Hiếu 
700 0 # |a Trần Dãn Trường 
852 # # |b Kho đọc  |j KD.0002712 
852 # # |j KD.0002712 
910 |d 19/04/2011 
980 # # |a Trung tâm Học liệu Lê Vũ Hùng, Trường Đại học Đồng Tháp